Transaction of the American Society of Civil Engineering (Record no. 544853)

000 -LEADER
fixed length control field 00552nam a22001577a 4500
082 ## - DEWEY DECIMAL CLASSIFICATION NUMBER
Classification number 620.0091415
Author Mark TRA
-- N-01,P-109
110 ## - MAIN ENTRY--CORPORATE NAME
Corporate name or jurisdiction name as entry element American Society of Civil Engineering
9 (RLIN) 38079
245 ## - TITLE STATEMENT
Title Transaction of the American Society of Civil Engineering
Statement of responsibility, etc. ASCE
Remainder of title American Society of Civil Engineering
250 ## - EDITION STATEMENT
Edition statement volumn151
260 ## - PUBLICATION, DISTRIBUTION, ETC.
Place of publication, distribution, etc. New York
Name of publisher, distributor, etc. Published by the society
Date of publication, distribution, etc. 1987
300 ## - PHYSICAL DESCRIPTION
Extent 468p.:
Other physical details ill.;
Dimensions 15 cm.
526 ## - STUDY PROGRAM INFORMATION NOTE
Program name 0
Interest level 0
Reading level 0
Title point value 620_009141500000000_TRA
526 ## - STUDY PROGRAM INFORMATION NOTE
Program name 0
Interest level 0
Reading level 0
Title point value 620_009141500000000_TRA
650 ## - SUBJECT ADDED ENTRY--TOPICAL TERM
Topical term or geographic name entry element MCE
9 (RLIN) 379
942 ## - ADDED ENTRY ELEMENTS (KOHA)
Source of classification or shelving scheme
Koha item type Book
Holdings
Withdrawn status Lost status Source of classification or shelving scheme Damaged status Not for loan Permanent Location Current Location Date acquired Total Checkouts Full call number Barcode Date last seen Date last checked out Price effective from Koha item type
          Military College of Engineering (MCE) Military College of Engineering (MCE) 05/13/2014 1 620.0091415 TRA MCE-37262 05/14/2014 05/14/2014 05/13/2014 Book
          Military College of Engineering (MCE) Military College of Engineering (MCE) 05/13/2014 1 620.0091415 TRA MCE-37267 05/14/2014 05/14/2014 05/13/2014 Book
© 2023 Central Library, National University of Sciences and Technology. All Rights Reserved.